Premier Pays Champion du Monde de .... - Statistiques

Statistiques générales
  • Ce quiz a été pris 167 fois
  • Le résultat moyen est 8 sur 12
Statistiques - réponses
Réponse % Correct
Etats-Unis
99%
Canada
94%
Uruguay
92%
Allemagne
90%
Nouvelle-Zélande
89%
Australie
73%
URSS
68%
Argentine
60%
Pays-Bas
56%
Hongrie
49%
Tchécoslovaquie
35%
Pakistan
31%
Aucun quiz correspondant
Distribution des résultats
% des personnes avec chaque résultat
Percentile par nombre de réponses
Votre historique - résultats
Vous n’avez pas pris ce quiz